000 00764nas a2200253 4500
001 BR0002923
003 BR-BrBNA
005 20231205101907.0
007 ta
008 230509b bl.|||p| |||| 00| 00por d
040 _aBR-BrBNA
_bpor
_cBiblioteca Nacional de Agricultura
041 _a(Pt)
072 _aL70
100 1 _aAndrade, S.F.
100 1 _aCorrea, E.M.
100 1 _aSilva, S.R.G.
245 1 _aUso de bloqueador alfa 2 - andrenergico como antagonista da associacao quetamina + xilazina em gatos
650 _aGato
650 _aVeterinaria
650 _aAnestesia
773 0 _tHora Veterinaria (Brazil)
_xISSN 0101-9163
_g(Mar-Apr 2000), v. 19(114) p. 65-68
_wBR0002923
909 _a202311
_bLúcia
_c55
_dLúcia Elande
942 _2AGRIS
_n0
_cANA
999 _c164560
_d164560